Hľadáme niekoho, kto neexistuje?

Merchandiser - špecialita marketingu predajných miest. Merchandiser - pod týmto pojmom sa skrýva rôznorodá skupina pracovných pozícií. Ako hľadajú úspešné spoločnosti spolupracovníkov.

Guardado en:
Detalles Bibliográficos
Autor principal: Hruška, Petr
Formato: Capítulo de libro
Lenguaje:eslovaco
Materias:
Etiquetas: Agregar Etiqueta
Sin Etiquetas, Sea el primero en etiquetar este registro!

MARC

LEADER 00000naa a2200000 4500
001 r041825
005 20231002114213.5
041 0 |a slo 
044 |a SK 
245 1 0 |a Hľadáme niekoho, kto neexistuje?  |c Petr Hruška 
520 |a Merchandiser - špecialita marketingu predajných miest. Merchandiser - pod týmto pojmom sa skrýva rôznorodá skupina pracovných pozícií. Ako hľadajú úspešné spoločnosti spolupracovníkov. 
610 2 0 |a marketing 
610 2 0 |a merchandising 
610 2 0 |a výber pracovníkov 
610 2 0 |a zástupcovia obchodní 
100 1 |a Hruška, Petr